Lakóházak építői. 2. rész
Elmentve itt :
| Szerző: | |
|---|---|
| Dokumentumtípus: | Cikk |
| Megjelent: |
1973-01-04
|
| Sorozat: | Délmagyarország
63 No. 2 |
| Kulcsszavak: | DÉLÉP, Lakásépítés Szeged 1973 |
| Online Access: | http://dmarchiv.bibl.u-szeged.hu/66348 |
| LEADER | 00473nab a2200157 i 4500 | ||
|---|---|---|---|
| 001 | delm66348 | ||
| 005 | 20180927153636.0 | ||
| 008 | 180927s1973 hu o 0|| hun d | ||
| 040 | |a SZTE Délmagyarország Archívum |b hun | ||
| 041 | |a hun | ||
| 100 | 1 | |a Gazdagh István | |
| 245 | 1 | 0 | |a Lakóházak építői. 2. rész |h [elektronikus dokumentum] / |c Gazdagh István |
| 260 | |c 1973-01-04 | ||
| 300 | |a 3 | ||
| 490 | 0 | |a Délmagyarország |v 63 No. 2 | |
| 695 | |a DÉLÉP, Lakásépítés Szeged 1973 | ||